000
00302nam a22001217a 4500
082
_a
340.0941
_b
HAL
245
_a
Halsbury's Laws of England /
_c
Editor Kenneth Mugford
250
_a
Fourth Edition.
260
_a
London :
_b
Butterworths,
_c
1980.
300
_c
25 cm.
563
_a
HB.
942
_2
ddc
_c
BK
999
_c
616168
_d
616168